Business law. / (Record no. 8440)

MARC details
000 -LEADER
fixed length control field 01726cam a2200349 a 4500
001 - CONTROL NUMBER
control field 4960972
003 - CONTROL NUMBER IDENTIFIER
control field OSt
005 - DATE AND TIME OF LATEST TRANSACTION
control field 20220119123637.0
008 - FIXED-LENGTH DATA ELEMENTS--GENERAL INFORMATION
fixed length control field 970129s1998 mauak 001 0 eng
010 ## - LIBRARY OF CONGRESS CONTROL NUMBER
LC control number 97005652
020 ## - INTERNATIONAL STANDARD BOOK NUMBER
International Standard Book Number 9781305772823
020 ## - INTERNATIONAL STANDARD BOOK NUMBER
International Standard Book Number 1305772822
040 ## - CATALOGING SOURCE
Original cataloging agency DLC
Transcribing agency DLC
Modifying agency DLC
043 ## - GEOGRAPHIC AREA CODE
Geographic area code n-us---
050 00 - LIBRARY OF CONGRESS CALL NUMBER
Classification number KF3455.C61
082 00 - DEWEY DECIMAL CLASSIFICATION NUMBER
Classification number 344.7301
Edition number 21
100 ## - MAIN ENTRY--PERSONAL NAME
Fuller form of name Clarkson, Kenneth W.
245 10 - TITLE STATEMENT
Title Business law. /
Statement of responsibility, etc. Kenneth W. Clarkson, Roger LeRoy Miller, Frank B. Cross
246 ## - VARYING FORM OF TITLE
Title proper/short title BUS 375: Business Law 1
250 ## - EDITION STATEMENT
Edition statement 2nd ed.
Remainder of edition statement Custom edition
260 ## - PUBLICATION, DISTRIBUTION, ETC.
Place of publication, distribution, etc. Boston, MA:
Name of publisher, distributor, etc. Cengage,
Date of publication, distribution, etc. 2015.
300 ## - PHYSICAL DESCRIPTION
Extent xxiv, 372 p. + [various pagings]:
Other physical details ill.;
500 ## - GENERAL NOTE
General note Includes glossary.
505 ## - FORMATTED CONTENTS NOTE
Formatted contents note Contents: Law and legal reasoning -- Courts and alternative dispute resolution -- Court procedures -- Business and the constitution -- Business ethics -- Torts -- Strict liability and product liability -- Intellectual property rights -- Internet law, social media and privacy -- Criminal law and cyber crime -- Nature and terminology -- Agreement in traditional and E-contracts -- Consideration -- Capacity and legality -- Mistakes, fraud and voluntary consent -- The writing requirement and electronic records -- Third party rights -- Performance and discharge in traditional and E-contracts -- Breach of contract and remedies --
650 #0 - SUBJECT ADDED ENTRY--TOPICAL TERM
Topical term or geographic name entry element Labor laws and legislation
Geographic subdivision United States.
650 #0 - SUBJECT ADDED ENTRY--TOPICAL TERM
Topical term or geographic name entry element Discrimination in employment
General subdivision Law and legislation
Geographic subdivision United States.
700 ## - ADDED ENTRY--PERSONAL NAME
Fuller form of name Miller, Roger LeRoy
700 ## - ADDED ENTRY--PERSONAL NAME
Fuller form of name Cross, Frank B.
906 ## - LOCAL DATA ELEMENT F, LDF (RLIN)
a 7
b cbc
c orignew
d 1
e ocip
f 19
g y-gencatlg
942 ## - ADDED ENTRY ELEMENTS (KOHA)
Source of classification or shelving scheme Library of Congress Classification
Koha item type Books
Holdings
Withdrawn status Lost status Source of classification or shelving scheme Damaged status Not for loan Home library Current library Shelving location Date acquired Total Checkouts Full call number Barcode Date last seen Price effective from Koha item type
    Library of Congress Classification     WISCONSIN INTERNATIONAL UNIVERSITY COLLEGE, GHANA KUMASI LIBRARY WISCONSIN INTERNATIONAL UNIVERSITY COLLEGE, GHANA KUMASI LIBRARY General Stacks 23/10/2019   KF3455.C61(2e) K/367/367/19 19/01/2022 19/01/2022 Books

If you have any concerns or questions; kindly contact the library


© Powered by WIUC ICT DIRECTORATE